Statistics for Home Alone Trivia

Click here to take the quiz!

General Stats

  • This quiz has been taken 118 times
  • The average score is 10 of 20

Answer Stats

HintAnswer% Correct
What year was the film released?1990
90%
What city do the McCallister's plan on going to for Christmas?Paris
80%
What is the name the criminals go by?The Wet Bandits
77%
What is Kevin brothers name?Buzz
76%
What did Kevin accidentally steal from the store?A toothbrush
74%
What city do the McCallister's live in?Chicago
69%
Who plays Harry?Joe Pesci
55%
Finish the line - "Fuller, go easy on the..."Pepsi
49%
What kind of band does Kate get a ride home with?Polka
48%
What is the name of the neighbour Kevin is initially afraid of?Marley
40%
What does Kevin throw at Marv and Harry while they're coming up the stairs?Paint Cans
38%
What pizza store does Kevin order from?Little Neros
37%
Who directed the film?Chris Columbus
36%
Who produced the score for the film?John Williams
35%
Who wrote and produced the film?John Hughes
32%
What does the fake Santa give Kevin as a treat?TicTacs
32%
How much did the pizza cost for the whole family?$122.50
31%
What movie does Kevin watch that Uncle Frank didn't let him?Angels With Filthy Souls
31%
Who plays Marv?Daniel Stern
30%
What of Harrys does Peter find on the floor?His gold tooth
6%

Score Distribution

Percentile by Number Answered

Percent of People with Each Score

Your Score History

You have not taken this quiz